Normal view
MARC view
Entry Topical Term
001 - CONTROL NUMBER
- control field: 16133
003 - CONTROL NUMBER IDENTIFIER
- control field: dpl
005 - DATE AND TIME OF LATEST TRANSACTION
- control field: 20100823112924.0
008 - FIXED-LENGTH DATA ELEMENTS
- fixed length control field: 100823|||a|||||| | ||| d
040 ## - CATALOGING SOURCE
- Original cataloging agency: dpl
- Transcribing agency: dpl
150 ## - HEADING--TOPICAL TERM
- Topical term or geographic name as entry element: Public Administration
- Geographic subdivision: India
670 ## - SOURCE DATA FOUND
- Source citation: Work cat.: (dpl)42942: Muthuswamy 16132, Swamy's complete manual on establishment and administration for central government offices /, 1999
670 ## - SOURCE DATA FOUND
- Source citation: Work cat.: (dpl)42942: Muthuswamy 16132, Swamy's complete manual on establishment and administration for central government offices /, 1999
